Quantum mechanics / (رقم التسجيلة. 40131)

تفاصيل مارك
000 -الفاتح
حقل البيانات ثابتة الطول 01380cam a2200325 i 4500
003 - محدد رقم الضبط
رقم الضبط OSt
005 - وقت وتاريخ اخر تعامل مع التسجيلة
رقم الضبط 20170424104217.0
008 - عناصر البيانات ثابتة الطول - معلومات عامة
حقل البيانات ثابتة الطول 760226s1977 nyua 001 0 eng
020 ## - الرقم الدولى المعيارى للكتب
الرقم الدولى المعيارى للكتاب 0471164321 (v. 1)
020 ## - الرقم الدولى المعيارى للكتب
الرقم الدولى المعيارى للكتاب 047116433X (v. 1 : pbk.)
040 ## - مصدر الفهرسة
وكالة الفهرسة الأصلية DLC
وكالة النسخ DLC
وكالة التعديل DLC
لغة الفهرسة eng
082 00 - رقم تصنيف ديوى العشرى
رقم التصنيف 530.12
رقم الطبعة 21
رقم المادة CCQ
100 2# - المدخل الرئيسى - إسم شخصى
الإسم الشخصى Cohen-Tannoudji, Claude,
التواريخ المصاحبة للاسم 1933-
9 (RLIN) 57685
240 10 - العنوان الموحد
عنوان موحد <a href="Mecanique quantique.">Mecanique quantique.</a>
لغة العمل English
245 10 - بيان العنوان
العنوان Quantum mechanics /
بيان المسئوليه,etc Claude Cohen-Tannoudji, Bernard Diu, Franck Laloë ; translated from the French by Susan Reid Hemley, Nicole Ostrowsky, Dan Ostrowsky.
250 ## - بيان الطبعة
بيان الطبعة ط. 1.
260 ## - PUBLICATION, DISTRIBUTION, ETC. (IMPRINT)
مكان الناشر او الموزع New York :
اسم الناشر او الموزع Wiley,
تاريخ النشر أو التوزيع c1977.
300 ## - الوصف المادى
التعداد 2 v. (xv, 1524 p.) :
تفاصيل ماديه اخرى للوعاء ill. ;
أبعاد الوعاء 25 cm.
500 ## - تبصرة عامة
تبصرة عامة Translation of Mecanique quantique.
500 ## - تبصرة عامة
تبصرة عامة "A Wiley-Interscience publication."
500 ## - تبصرة عامة
تبصرة عامة Includes index.
504 ## - تبصرة ببليوجرافية
تبصرة ببليوجرافية,الخ يشتمل علي إرجاعات ببليوجرافية.
650 #0 - المدخل الاضافى بالموضوع-مصطلح موضوعى
مصطلح موضوعي أو اسم جغرافي كعنصر مدخل Quantum theory.
9 (RLIN) 57686
700 1# - المدخل الاضافى - اسم شخصى
الإسم الشخصى Diu, Bernard,
الدور joint author.
9 (RLIN) 57687
700 1# - المدخل الاضافى - اسم شخصى
الإسم الشخصى Laloë, Franck,
التواريخ المصاحبة للاسم 1940-
الدور joint author.
9 (RLIN) 57688
856 41 - الوصول و الموقع الالكترونى
مواد محددة Table of contents only
معرف المصدر الموحد <a href="http://www.loc.gov/catdir/toc/wiley023/76005874.html">http://www.loc.gov/catdir/toc/wiley023/76005874.html</a>
856 42 - الوصول و الموقع الالكترونى
مواد محددة Contributor biographical information
معرف المصدر الموحد <a href="http://www.loc.gov/catdir/enhancements/fy0607/76005874-b.html">http://www.loc.gov/catdir/enhancements/fy0607/76005874-b.html</a>
856 42 - الوصول و الموقع الالكترونى
مواد محددة Publisher description
معرف المصدر الموحد <a href="http://www.loc.gov/catdir/enhancements/fy0607/76005874-d.html">http://www.loc.gov/catdir/enhancements/fy0607/76005874-d.html</a>
942 ## - عناصر المدخل الإضافي( كوها)
Koha [default] item type كتاب
المقتنيات
حالة الفقد نموذج السعر الفعال حالة تلف ليس للاعارة رقم الطلب رقم النسخة تاريخ الاكتساب الموقع الحالي الباركود الفرع الرئيسي Date last seen نوع المادة فى نظام كوها مصدر التصنيف او خطة الترفيف Total Checkouts
  2017-04-24     530.12 CCQ v. 2 2017-04-24 مكتبة مجمع الكليات بالزلفى - طلاب (SZM) 00502209 مكتبة مجمع الكليات بالزلفى - طلاب (SZM) 2017-04-24 كتاب Dewey Decimal Classification  
  2017-04-24     530.12 CCQ v. 1 2017-04-24 مكتبة مجمع الكليات بالزلفى - طلاب (SZM) 00502210 مكتبة مجمع الكليات بالزلفى - طلاب (SZM) 2017-04-24 كتاب Dewey Decimal Classification